Physiological and anatomical changes in the lacticiferous tissues of Hevea under ethylene stimulation (Record no. 50545)

MARC details
000 -LEADER
fixed length control field 00621nam a2200169Ia 4500
100 ## - MAIN ENTRY--AUTHOR NAME
Personal name Ambily P K
245 #0 - TITLE STATEMENT
Title Physiological and anatomical changes in the lacticiferous tissues of Hevea under ethylene stimulation
260 ## - PUBLICATION, DISTRIBUTION, ETC. (IMPRINT)
Name of publisher Proceedings of 24th Kerala Science Congress, 29-31 January 2012, Rubber Research Institute of India, Kottayam, India, pp.87-89.
650 ## - SUBJECT ADDED ENTRY--TOPICAL TERM
Topical Term Anatomical changes
650 ## - SUBJECT ADDED ENTRY--TOPICAL TERM
Topical Term Ethylene stimulation
650 ## - SUBJECT ADDED ENTRY--TOPICAL TERM
Topical Term Lacticiferous tissues
650 ## - SUBJECT ADDED ENTRY--TOPICAL TERM
Topical Term Physiological changes
700 ## - ADDED ENTRY--PERSONAL NAME
Personal name Krishnakumar R
700 ## - ADDED ENTRY--PERSONAL NAME
Personal name Reghu C P
942 ## - ADDED ENTRY ELEMENTS (KOHA)
Koha item type Bibliography STAF
Holdings
Withdrawn status Lost status Damaged status Not for loan Home library Current library Shelving location Date acquired Koha item type
      Bibliography RRII Library RRII Library Physiology 14/05/2012 Bibliography STAF